Представление документа в формате MARC21

Поле Инд. ПП Название Значение
Тип записи a
Библиографический уровень m
001 Контрольный номер 88a7ed083e4844b88251492726ff16b8
005 Дата корректировки 20260413125652.9
020 a ISBN 978-5-7995-1369-6
080 a Индекс УДК 34(075.8)
084 a Индекс другой классификации/Индекс ББК Х515я7
084 a Индекс другой классификации/Индекс ББК Х401.02я7
084 a Индекс другой классификации/Индекс ББК Х408.142я7
090 x Авторский знак Т 83
a Полочн. индекс Х
097 b Оператор *Ст*
097 b Оператор *Ви*
100 1_ a Автор Туманова О.И.
245 10 a Заглавие *Основы профилактики коррупции
b Продолж. заглавия учебное пособие
c Ответственность Тверской государственный технический университет
260 a Место издания Тверь
b Издательство ТвГТУ
c Дата издания 2024
300 a Объем 96 с.
515 a Прим. об особенностях нумерации № 5100
516 8_ a Прим. о типе комп. файла/ данных Текст : непосредственный
520 0_ a Аннотация Раскрыто понятие коррупции как социально-правового явления, представляющего угрозу для развития государства и национальной безопасности. Рассмотрены подходы к определению понятия коррупции, ее виды, а также признаки, позволяющие классифицировать коррупцию в качестве социального института. Представлены организационные основы противодействия коррупции как на уровне осуществления государственной политики, так и в рамках комплекса мер, реализуемых в организации. Отдельный раздел посвящен обзору мер ответственности за коррупционные правонарушения. Предназначено для обучающихся по дополнительным профессиональным программам повышения квалификации в области противодействия коррупции. Может быть использовано в учебном процессе в целях развития у обучающихся компетенций, направленных на укрепление политического и правового сознания, отстаивание гражданской позиции, а также на формирование нетерпимого отношения к коррупционному поведению.
583 a Действие Перевод
653 0_ a Ключевые слова Коррупция
a Ключевые слова Профилактика коррупции
a Ключевые слова Противодействия коррупции
a Ключевые слова Коррупционные правонарушения
a Ключевые слова Коррупционное поведение
655 a Жанр/ форма (устаревшее) *М*
901 t Тип документа m
905 b Дата создания записи обработка 03.12.24
d Дата перевода 04.12.25
d Дата перевода 28.02.26
922 c Кафедра Социология и социальные технологии
952 a Тип литературы для КСУ ВШ *М2*
e Факультет *ФУСК*
990 h N записи в КСУ для Б/У (DOS) 64/2024
h N записи в КСУ для Б/У (DOS) 8/2026
990 f Даты поступлений (DOS) 29.11.24
f Даты поступлений (DOS) 08.04.26
g Размещение заказа (DOS) РИЦ
j Количество экземпляров (DOS) 22+1